[Event "Titled Tuesday intern op 09th Jan Early"]
[Site "Chess.com INT"]
[Date "2024.01.09"]
[Round "6"]
[White "Guzman Lozano, Campo Elias"]
[Black "Cupid, Kevin"]
[Result "0-1"]
[WhiteElo "1837"]
[BlackElo "2188"]
[PlyCount "92"]
[EventDate "2024.01.09"]
[EventType "swiss (blitz)"]
[EventRounds "11"]
[EventCountry "USA"]
[SourceTitle "CBM 218 Extra"]
[Source "ChessBase"]
[SourceDate "2024.03.31"]
[SourceVersion "1"]
[SourceVersionDate "2024.03.31"]
[SourceQuality "1"]

1. Nc3 Nf6 2. e4 d6 3. d4 g6 4. f3 Bg7 5. Be3 e5 6. Nge2 Nc6 7. d5 Na5 8. b3 a6 9. Qd2 b5 10. a4 Bd7 11. g4 h5 12. g5 Ng8 13. h4 Ne7 14. Nc1 Qb8 15. Kf2 0-0 16. Kg2 bxa4 17. Nxa4 Nb7 18. Nb2 c6 19. c4 a5 20. Bb6 Nc8 21. Bxa5 Nxa5 22. Rxa5 Nb6 23. dxc6 Bxc6 24. Rxa8 Nxa8 25. b4 Rd8 26. Nb3 Nb6 27. Na5 Ba8 28. b5 Nd7 29. Qb4 Nc5 30. Nb3 Ne6 31. Kg3 Qb6 32. Qd2 f6 33. Bh3 Nf4 34. gxf6 Bxf6 35. Ra1 Bb7 36. Na4 Qc7 37. c5 Qe7 38. c6 Bxh4+ 39. Kh2 Bc8 40. b6 Bxh3 41. c7 Rc8 42. b7 Qxc7 43. bxc8Q+ Bxc8 44. Qc3 Qd7 45. Rc1 Qh3+ 46. Kg1 Qg2# 0-1

[Event "Titled Tuesday intern op 28th Nov Early"]
[Site "Chess.com INT"]
[Date "2023.11.28"]
[Round "3"]
[White "Zainullina, Nataliya"]
[Black "Cupid, Kevin"]
[Result "0-1"]
[WhiteElo "2099"]
[BlackElo "2186"]
[PlyCount "54"]
[EventDate "2023.11.28"]
[EventType "swiss (blitz)"]
[EventRounds "11"]
[EventCountry "USA"]
[SourceTitle "EXT 2025"]
[Source "ChessBase"]
[SourceDate "2024.10.14"]
[SourceVersion "1"]
[SourceVersionDate "2024.10.14"]
[SourceQuality "1"]

1. e4 c6 2. Nc3 d5 3. Nf3 Bg4 4. exd5 cxd5 5. h3 Bxf3 6. Qxf3 e6 7. Be2 Nc6 8. Qg3 a6 9. 0-0 Nf6 10. a3 Rc8 11. Bd3 g6 12. Ne2 Bg7 13. c3 0-0 14. Bc2 e5 15. d3 Nh5 16. Qg4 f5 17. Qg5 Qb6 18. Qe3 d4 19. Qd2 Kh8 20. c4 a5 21. Rb1 Rfe8 22. b4 axb4 23. axb4 e4 24. b5 Ne5 25. dxe4 Nxc4 26. Qb4 fxe4 27. Bb3 Nd6 0-1

[Event "Brno op 12th"]
[Site "Brno"]
[Date "2023.11.16"]
[Round "7"]
[White "Biliy, Vadim"]
[Black "Cupid, Kevin"]
[Result "1/2-1/2"]
[WhiteElo "2331"]
[BlackElo "2186"]
[PlyCount "141"]
[EventDate "2023.11.11"]
[EventType "swiss"]
[EventRounds "9"]
[EventCountry "CZE"]
[SourceTitle "CBM 217 Extra"]
[Source "ChessBase"]
[SourceDate "2024.01.31"]
[SourceVersion "1"]
[SourceVersionDate "2024.01.31"]
[SourceQuality "1"]

1. d4 Nf6 2. Nf3 g6 3. e3 Bg7 4. Be2 c5 5. c3 cxd4 6. cxd4 0-0 7. 0-0 d5 8. b3 Ne4 9. Bb2 Nc6 10. Nc3 Nxc3 11. Bxc3 Bg4 12. h3 Bxf3 13. Bxf3 Qd6 14. Rc1 Rfd8 15. Qd2 e6 16. Rc2 Bf8 17. Rfc1 Nb4 18. Bxb4 Qxb4 19. Qxb4 Bxb4 20. Rc7 Rab8 21. a4 a6 22. g4 h6 23. Kg2 Kg7 24. h4 Rd6 25. Be2 Ba5 26. R7c2 Rb6 27. Rb1 Rb4 28. f4 Kf6 29. Kg3 Ke7 30. Kf3 Kd6 31. Rc5 Bb6 32. Rc2 Bd8 33. Kg3 Bc7 34. Bd1 Kd7 35. Kf3 Bd8 36. Kg3 Bc7 37. Rbc1 Bd6 38. Rd2 g5 39. h5 f5 40. gxf5 exf5 41. Bc2 Ke6 42. Kf3 g4+ 43. Kg3 Kf6 44. Bd1 Rb6 45. Rd3 Re8 46. Kf2 Rb4 47. Rcc3 Re4 48. Be2 Bxf4 49. Bf1 Bxe3+ 50. Rxe3 Rxe3 51. Rxe3 Rxd4 52. Re8 Rf4+ 53. Kg2 Kg5 54. Rd8 Rd4 55. Bc4 Rd2+ 56. Kf1 Kxh5 57. a5 d4 58. Rd5 Kg5 59. Ke1 Ra2 60. Bd3 Kf4 61. Bxf5 g3 62. Bh3 Rh2 63. Bf1 g2 64. Rxd4+ Ke5 65. Rg4 gxf1Q+ 66. Kxf1 Ra2 67. Rb4 Kd5 68. Rxb7 Rxa5 69. Rh7 Kd4 70. Rxh6 Kc3 71. Rb6 1/2-1/2

[Event "Brno op 12th"]
[Site "Brno"]
[Date "2023.11.14"]
[Round "4"]
[White "Cupid, Kevin"]
[Black "Brzezina, Piotr"]
[Result "1/2-1/2"]
[WhiteElo "2186"]
[BlackElo "2036"]
[PlyCount "178"]
[EventDate "2023.11.11"]
[EventType "swiss"]
[EventRounds "9"]
[EventCountry "CZE"]
[SourceTitle "CBM 217 Extra"]
[Source "ChessBase"]
[SourceDate "2024.01.31"]
[SourceVersion "1"]
[SourceVersionDate "2024.01.31"]
[SourceQuality "1"]

1. d4 Nf6 2. c4 e6 3. Nc3 Bb4 4. Qc2 d5 5. Nf3 c5 6. dxc5 0-0 7. e3 Nbd7 8. cxd5 exd5 9. a3 Bxc3+ 10. Qxc3 Ne4 11. Qc2 Ndxc5 12. b4 Nd7 13. Bd3 a5 14. Bb2 axb4 15. axb4 Rxa1+ 16. Bxa1 Qe7 17. 0-0 Qxb4 18. Rb1 Qe7 19. Bd4 Ndf6 20. Ne5 Be6 21. Qb2 Rc8 22. f3 Nd6 23. Qb4 Qc7 24. Bb6 Qb8 25. Bd4 b5 26. Qa5 Qa8 27. Qxa8 Rxa8 28. Bxb5 Nxb5 29. Rxb5 Ne8 30. Rb6 h6 31. h3 Nc7 32. Rb7 Ne8 33. Bc5 Rc8 34. Rb5 Bf5 35. g4 Be6 36. Kf2 Nc7 37. Rb6 Na8 38. Rb5 Nc7 39. Rb2 Ne8 40. Nd3 Nf6 41. Bd4 Nd7 42. Nf4 Nf8 43. Rb5 Rd8 44. Rb6 Kh7 45. h4 Kg8 46. Kg3 Kh7 47. Bc5 Nd7 48. Nxe6 fxe6 49. Rd6 Rc8 50. Bb4 Rc4 51. Rxd7 Rxb4 52. Rd6 Rb7 53. Rxe6 Rd7 54. g5 hxg5 55. hxg5 d4 56. exd4 Rxd4 57. f4 g6 58. Kf3 Kg7 59. Ke3 Ra4 60. Rc6 Kf7 61. Rd6 Rb4 62. Rd7+ Kf8 63. Rd4 Rb1 64. Kd3 Re1 65. Kc4 Ke7 66. Kd5 Kf7 67. Kd6 Re2 68. Kc5 Rc2+ 69. Rc4 Rd2 70. Rd4 Rc2+ 71. Kd5 Re2 72. Re4 Rxe4 73. Kxe4 Ke6 74. Ke3 Ke7 75. Ke2 Ke6 76. Kd2 Kd6 77. Kc2 Ke6 78. Kd3 Kd7 79. Kc2 Ke6 80. Kd2 Kd6 81. Ke2 Ke6 82. Kf3 Kd6 83. Ke4 Ke6 84. f5+ gxf5+ 85. Kf4 Kf7 86. Kxf5 Kg7 87. g6 Kg8 88. Kf6 Kf8 89. g7+ Kg8 1/2-1/2

[Event "Brno op 12th"]
[Site "Brno"]
[Date "2023.11.14"]
[Round "5"]
[White "Svobodova, Michaela"]
[Black "Cupid, Kevin"]
[Result "1/2-1/2"]
[WhiteElo "1957"]
[BlackElo "2186"]
[PlyCount "143"]
[EventDate "2023.11.11"]
[EventType "swiss"]
[EventRounds "9"]
[EventCountry "CZE"]
[SourceTitle "CBM 217 Extra"]
[Source "ChessBase"]
[SourceDate "2024.01.31"]
[SourceVersion "1"]
[SourceVersionDate "2024.01.31"]
[SourceQuality "1"]

1. e4 c6 2. d4 d5 3. exd5 cxd5 4. Bd3 Nc6 5. c3 Nf6 6. h3 Qc7 7. Nf3 g6 8. 0-0 Bf5 9. Be2 Bg7 10. Re1 0-0 11. Be3 a6 12. Qc1 Rfc8 13. Bf4 Qd8 14. Qd1 b5 15. Ne5 Na5 16. Nd2 Qb6 17. b4 Nb7 18. Qb3 Nd6 19. a4 Be6 20. Nd3 a5 21. Nc5 axb4 22. Qxb4 Bd7 23. Nxd7 Nxd7 24. Bxd6 Qxd6 25. Qxd6 exd6 26. Bxb5 Nb6 27. a5 Nc4 28. Bxc4 dxc4 29. Reb1 Rc6 30. Rb4 d5 31. Rb5 Rd6 32. Nb1 Bf8 33. Na3 Kg7 34. Nc2 Kf6 35. Nb4 Ke6 36. a6 Ra7 37. Rb7 Rd7 38. Rxa7 Rxa7 39. Nc6 Ra8 40. a7 Bd6 41. Kf1 Kd7 42. Ne5+ Bxe5 43. dxe5 Ke6 44. Ke2 Kxe5 45. Ke3 g5 46. g3 h5 47. f4+ gxf4+ 48. gxf4+ Kf5 49. Ra5 Ke6 50. Kd4 h4 51. Ra6+ Kf5 52. Kxd5 Kxf4 53. Kxc4 f5 54. Kd5 Kg3 55. Rg6+ Kxh3 56. Rg7 Re8 57. c4 f4 58. Re7 Rf8 59. Rf7 Rxf7 60. a8Q f3 61. Ke6 Rf4 62. Ke5 f2 63. Qh1+ Kg3 64. Qf1 h3 65. c5 h2 66. c6 h1Q 67. Qxh1 f1Q 68. Qxf1 Rxf1 69. c7 Rc1 70. Kd6 Kf4 71. Kd7 Rxc7+ 72. Kxc7 1/2-1/2

[Event "Brno op 12th"]
[Site "Brno"]
[Date "2023.11.13"]
[Round "3"]
[White "Bergerhoff, Andreas"]
[Black "Cupid, Kevin"]
[Result "0-1"]
[WhiteElo "1992"]
[BlackElo "2186"]
[PlyCount "80"]
[EventDate "2023.11.11"]
[EventType "swiss"]
[EventRounds "9"]
[EventCountry "CZE"]
[SourceTitle "CBM 217 Extra"]
[Source "ChessBase"]
[SourceDate "2024.01.31"]
[SourceVersion "1"]
[SourceVersionDate "2024.01.31"]
[SourceQuality "1"]

1. d4 Nf6 2. Nc3 d5 3. Bf4 e6 4. e3 Bb4 5. Bd3 c5 6. dxc5 Nbd7 7. Nf3 Qa5 8. 0-0 a6 9. Ne2 Bxc5 10. c3 Qb6 11. Qc2 0-0 12. a4 Re8 13. a5 Qd8 14. Ne5 h6 15. h3 Nxe5 16. Bxe5 Bd6 17. Bxd6 Qxd6 18. Ng3 Bd7 19. e4 Bc6 20. Rfe1 Qf4 21. Re3 dxe4 22. Nxe4 Nd5 23. Rf3 Qc7 24. Rg3 f5 25. Nc5 Nf4 26. b4 Rad8 27. Bc4 Bd5 28. Bxd5 Rxd5 29. Re1 Qc6 30. Rf3 g5 31. c4 Rd4 32. Qc3 Rd1 33. Kh2 Rxe1 34. Qxe1 Nxg2 35. Qc3 Nh4 36. Rg3 f4 37. Rg4 Nf3+ 38. Kg2 Ne5+ 39. f3 Nxg4 40. hxg4 e5 0-1

[Event "Brno op 12th"]
[Site "Brno"]
[Date "2023.11.12"]
[Round "2"]
[White "Cupid, Kevin"]
[Black "Vesely, Jaromir"]
[Result "1-0"]
[WhiteElo "2186"]
[BlackElo "1902"]
[PlyCount "53"]
[EventDate "2023.11.11"]
[EventType "swiss"]
[EventRounds "9"]
[EventCountry "CZE"]
[SourceTitle "CBM 217 Extra"]
[Source "ChessBase"]
[SourceDate "2024.01.31"]
[SourceVersion "1"]
[SourceVersionDate "2024.01.31"]
[SourceQuality "1"]

1. d4 e6 2. c4 d5 3. Nf3 f5 4. Nc3 Nf6 5. Bf4 c6 6. e3 Bd6 7. Bxd6 Qxd6 8. Bd3 0-0 9. Qc2 Ne4 10. g4 Kh8 11. gxf5 exf5 12. 0-0-0 Be6 13. c5 Qc7 14. h4 b6 15. Ng5 Bg8 16. f3 Nxc3 17. bxc3 bxc5 18. Bxf5 g6 19. Bxg6 hxg6 20. h5 Na6 21. hxg6+ Kg7 22. Rh7+ Bxh7 23. Ne6+ Kf6 24. Nxc7 Bxg6 25. Qh2 Nxc7 26. Qxc7 Rab8 27. e4 1-0

[Event "Hradec Kralove op 13th"]
[Site "Hradec Kralove"]
[Date "2023.11.11"]
[Round "9"]
[White "Cupid, Kevin"]
[Black "Jirasek, Pavel"]
[Result "1/2-1/2"]
[WhiteElo "2186"]
[BlackElo "2322"]
[PlyCount "24"]
[EventDate "2023.11.04"]
[EventType "swiss"]
[EventRounds "9"]
[EventCountry "CZE"]
[SourceTitle "CBM 217 Extra"]
[Source "ChessBase"]
[SourceDate "2024.01.31"]
[SourceVersion "1"]
[SourceVersionDate "2024.01.31"]
[SourceQuality "1"]

1. d4 Nf6 2. c4 e6 3. Nf3 Bb4+ 4. Nbd2 d5 5. Qa4+ Nc6 6. a3 Bxd2+ 7. Bxd2 0-0 8. Bg5 h6 9. Bxf6 Qxf6 10. e3 Bd7 11. cxd5 exd5 12. Qb3 Qd6 1/2-1/2

[Event "Hradec Kralove op 13th"]
[Site "Hradec Kralove"]
[Date "2023.11.08"]
[Round "6"]
[White "Cupid, Kevin"]
[Black "Cheraghi, Amin"]
[Result "0-1"]
[WhiteElo "2186"]
[BlackElo "2244"]
[PlyCount "172"]
[EventDate "2023.11.04"]
[EventType "swiss"]
[EventRounds "9"]
[EventCountry "CZE"]
[SourceTitle "CBM 217 Extra"]
[Source "ChessBase"]
[SourceDate "2024.01.31"]
[SourceVersion "1"]
[SourceVersionDate "2024.01.31"]
[SourceQuality "1"]

1. Nf3 d5 2. b3 Bg4 3. Bb2 Bxf3 4. exf3 e6 5. Nc3 Nf6 6. d4 g6 7. Ne2 Bb4+ 8. c3 Bd6 9. Qd2 Qe7 10. g3 Nbd7 11. Bg2 Ba3 12. Bxa3 Qxa3 13. 0-0 0-0 14. c4 c6 15. f4 Rfd8 16. Rab1 Qf8 17. c5 b6 18. b4 a5 19. b5 Rdc8 20. Rfc1 cxb5 21. c6 Nb8 22. Rxb5 Nxc6 23. Rxb6 Ne7 24. Bf3 Nf5 25. Rb5 Qa3 26. Rxc8+ Rxc8 27. Kg2 a4 28. Qb4 Qxa2 29. Ra5 Ne4 30. Rxa4 Qc2 31. Ra1 Qd2 32. Qxd2 Nxd2 33. Bg4 Nb3 34. Ra4 Nh6 35. Bf3 Nc1 36. Nxc1 Rxc1 37. g4 Rc4 38. Rxc4 dxc4 39. Kf1 Kf8 40. Ke2 Ng8 41. Kd2 Nf6 42. Kc3 Nd5+ 43. Kxc4 Nxf4 44. Bd1 Ke7 45. Kc3 Nh3 46. f4 Nxf4 47. Kd2 Kf6 48. Ke3 Nd5+ 49. Kf3 Nc3 50. Bb3 Kg5 51. Bc4 h6 52. Ba6 Kh4 53. Bf1 g5 54. Bd3 Kh3 55. Bh7 Nb5 56. Ke3 Kxg4 57. Bg8 h5 58. Ke4 Kh3 59. Bxf7 h4 60. Bxe6+ Kxh2 61. Kf5 Nxd4+ 62. Kxg5 Kg3 63. Bc8 Nf3+ 64. Kf6 Kf4 65. Ke7 Ne5 66. Kd6 Ng4 67. Kc5 h3 68. Kd4 Kg3 69. Kd3 Kf2 70. Kd2 h2 71. Bb7 Ne3 72. Bh1 Ng2 73. Kd1 Kg1 74. Ke2 Nf4+ 75. Kf3 Nd3 76. Ke2 Nf4+ 77. Kf3 Ng6 78. Ke2 Nh4 79. Ke3 Nf5+ 80. Kf3 Nd4+ 81. Ke3 Nc2+ 82. Ke2 Nb4 83. Be4 Na6 84. Bf3 Nc5 85. Bh1 Nd3 86. Ke3 Kxh1 0-1

[Event "Titled Tuesday intern op 24th Oct Early"]
[Site "Chess.com INT"]
[Date "2023.10.24"]
[Round "7"]
[White "Bold, Andre"]
[Black "Cupid, Kevin"]
[Result "1-0"]
[WhiteElo "2194"]
[BlackElo "2163"]
[PlyCount "47"]
[EventDate "2023.10.24"]
[EventType "swiss (blitz)"]
[EventRounds "11"]
[EventCountry "USA"]
[SourceTitle "EXT 2025"]
[Source "ChessBase"]
[SourceDate "2024.10.14"]
[SourceVersion "1"]
[SourceVersionDate "2024.10.14"]
[SourceQuality "1"]

1. d4 Nf6 2. Nc3 d5 3. Bf4 c5 4. e3 a6 5. dxc5 Nc6 6. a3 e5 7. Bg5 d4 8. exd4 Nxd4 9. b4 Be7 10. Nf3 Bg4 11. Be2 Bxf3 12. Bxf3 Nxf3+ 13. Qxf3 Qd4 14. Rd1 Qc4 15. Qd3 Qe6 16. Bxf6 Bxf6 17. Qd5 Qf5 18. Ne4 0-0 19. c4 Rad8 20. Nd6 Qc2 21. 0-0 Qb3 22. Rd3 Qa4 23. Rf3 Be7 24. Rxf7 1-0

[Event "Titled Tuesday intern op 24th Oct Early"]
[Site "Chess.com INT"]
[Date "2023.10.24"]
[Round "6"]
[White "Cupid, Kevin"]
[Black "Shohat, Yotam"]
[Result "1-0"]
[WhiteElo "2163"]
[BlackElo "2332"]
[PlyCount "40"]
[EventDate "2023.10.24"]
[EventType "swiss (blitz)"]
[EventRounds "11"]
[EventCountry "USA"]
[SourceTitle "EXT 2025"]
[Source "ChessBase"]
[SourceDate "2024.10.14"]
[SourceVersion "1"]
[SourceVersionDate "2024.10.14"]
[SourceQuality "1"]

1. d4 Nf6 2. Nf3 c5 3. c4 cxd4 4. Nxd4 Nc6 5. Nc3 g6 6. g3 h5 7. h4 Ng4 8. Nxc6 bxc6 9. Qd4 e5 10. Qd3 Bc5 11. e3 0-0 12. Be2 d6 13. 0-0 Nf6 14. Bf3 Bh3 15. Rd1 Rc8 16. Na4 Qe7 17. Bg2 Bxg2 18. Kxg2 e4 19. Qd2 Ng4 20. b4 Qd7 1-0

[Event "Titled Tuesday intern op 24th Oct Late"]
[Site "Chess.com INT"]
[Date "2023.10.24"]
[Round "4"]
[White "Cupid, Kevin"]
[Black "Teumer, Joerg"]
[Result "1-0"]
[WhiteElo "2163"]
[BlackElo "2148"]
[PlyCount "61"]
[EventDate "2023.10.24"]
[EventType "swiss (blitz)"]
[EventRounds "11"]
[EventCountry "USA"]
[SourceTitle "CBM 216 Extra"]
[Source "ChessBase"]
[SourceDate "2023.11.30"]
[SourceVersion "1"]
[SourceVersionDate "2023.11.30"]
[SourceQuality "1"]

1. g3 d5 2. Bg2 c6 3. d4 Bf5 4. c3 e6 5. Nd2 Nf6 6. f3 Bg6 7. e4 Be7 8. Ne2 0-0 9. 0-0 Nbd7 10. a4 h6 11. a5 Qc7 12. Nf4 Bh7 13. Qe2 dxe4 14. Nxe4 Nxe4 15. fxe4 e5 16. Nh5 Bg6 17. g4 Nf6 18. Ng3 Rfe8 19. Nf5 Bf8 20. h4 Rad8 21. h5 Bh7 22. dxe5 Qxe5 23. Bf4 Qe6 24. g5 hxg5 25. Bxg5 Bxf5 26. Bxf6 Qxf6 27. Qc4 Be6 28. Qa4 Qe5 29. Rf3 a6 30. Raf1 f6 31. h6 1-0